000
002840000a22001090004500
100
1
_a
Canclini, Arnoldo
245
1
0
_a
Colón y su perfil misionero
300
_a
Vol.0, núm.199 (1992), Páginas 8-9
650
1
4
_a
CRISTÓBAL COLÓN
773
0
_t
La Biblia en las Américas
942
_c
ANA
999
_c
62881
_d
62881